Aquaculture Prospects, Opportunities & Challenges (Record no. 758945)
[ view plain ]
| 000 -LEADER | |
|---|---|
| fixed length control field | 00531nam a2200181 4500 |
| 020 ## - INTERNATIONAL STANDARD BOOK NUMBER | |
| ISBN | 9789358878158 |
| 082 ## - DEWEY DECIMAL CLASSIFICATION NUMBER | |
| Classification number | 639.8 |
| Item number | DUR.A |
| 084 ## - OTHER CLASSIFICATION NUMBER | |
| Source of Number | Colon Classification |
| 100 ## - MAIN ENTRY--AUTHOR NAME | |
| Personal name | Durgesh Kumar Verma |
| 245 ## - TITLE STATEMENT | |
| Title | Aquaculture Prospects, Opportunities & Challenges |
| 260 ## - PUBLICATION, DISTRIBUTION, ETC. (IMPRINT) | |
| Place of publication | New Delhi: |
| Name of publisher | Nipa genx electronic resources & solutions |
| 300 ## - PHYSICAL DESCRIPTION | |
| Number of Pages | 220p. |
| 700 ## - ADDED ENTRY--PERSONAL NAME | |
| Personal name | Sanjay Kumar Gupta |
| 700 ## - ADDED ENTRY--PERSONAL NAME | |
| Personal name | Ashfauq Farooq Aga |
| 700 ## - ADDED ENTRY--PERSONAL NAME | |
| Personal name | Sudeshna Sarker |
| 942 ## - ADDED ENTRY ELEMENTS (KOHA) | |
| Source of classification or shelving scheme | Dewey Decimal Classification |
| Koha item type | Book |
| Withdrawn status | Lost status | Source of classification or shelving scheme | Damaged status | Not for loan | Collection code | Home Library | Current Location | Shelving location | Date acquired | Full call number | Accession Number | Price effective from | Koha item type |
|---|---|---|---|---|---|---|---|---|---|---|---|---|---|
| Dewey Decimal Classification | Non-fiction | Campus Library Kariavattom | Campus Library Kariavattom | General Stacks | 23/04/2026 | 639.8 DUR.A | UCL35755 | 23/04/2026 | Book |
